00640nam a22002057a 4500003000400000005001700004008004100021020001500062035002000077040002300097082001800120245010300138250001200241260003400253300002500287651004000312700002700352700002800379700002700407OSt20240530110418.0150309s2004 xxu g 000 0 eng d a1860649637 a(OCoLC)54833478 aEG-CaGPLcEG-CaGPL04221a956\bH M04aThe modern Middle East :ba reader /cedited by Albert Hourani, Philip Khoury, and Mary C. Wilson. a2nd ed. aLondon :bI.B. Tauris,c2004. axi, 680 p. ؛c24 sm 02Middle EastxHistoryy20th century.1 aHourani, Albert Habib.1 aWilson, Mary Christina,1 aKhoury, Philip Shukry,